000 00390nam a2200145Ia 4500
008 231217s9999 xx 000 0 und d
041 _aEnglish
082 _a001.535 ROS;6
100 _aRose, Frank
245 0 _aArtificial intelligence: Into the heart of the mind
260 _c1989
_bNew Delhi : Wiley Eastern,
300 _a209
650 _aArtificial intelligence
942 _cAA
999 _c162237
_d162237